Central Library OPAC University of Rajshahi

Ecology : (Record no. 37212)

MARC details
000 -LEADER
fixed length control field 00892nam a2200277 a 4500
001 - CONTROL NUMBER
control field 37212
003 - CONTROL NUMBER IDENTIFIER
rucl marc code BD-RjUL
005 - DATE AND TIME OF LATEST TRANSACTION
control field 20211209052605.0
008 - FIXED-LENGTH DATA ELEMENTS--GENERAL INFORMATION
fixed length control field 141112s2001 ne ab b 001 0 eng c
020 ## - INTERNATIONAL STANDARD BOOK NUMBER
International Standard Book Number 8120414977
035 ## - SYSTEM CONTROL NUMBER
System control number (OCoLC)ocm48960698
System control number (BD-RjUL)37314
040 ## - CATALOGING SOURCE
Original cataloging agency ZCU
Transcribing agency ZCU
Language of cataloging eng
Modifying agency BD-RjUL
041 1# - LANGUAGE CODE
Language code of text/sound track or separate title eng
Language code of original fre
082 ## - DEWEY DECIMAL CLASSIFICATION NUMBER
Edition number 21
Classification number 577
Author mark and year ECO 2001
245 10 - TITLE STATEMENT
Title Ecology :
Remainder of title science and practice /
Statement of responsibility, etc. Claude Faurie ... [et al.].
260 ## - PUBLICATION, DISTRIBUTION, ETC. (IMPRINT)
Place of publication, distribution, etc. New Delhi:
Name of publisher, distributor, etc. Oxford & IBH Publishing Co. Pvt. Ltd.,
Date of publication, distribution, etc. c2001.
300 ## - PHYSICAL DESCRIPTION
Pagination xvii, 321 p. :
Illustrations ill., maps ;
Size 29 cm.
500 ## - GENERAL NOTE
General note Translation of: Ecologie : approche scientifique et pratique.
504 ## - BIBLIOGRAPHY, ETC. NOTE
Bibliography, etc Includes bibliographical references and index.
650 #0 - SUBJECT ADDED ENTRY--TOPICAL TERM
Topical term or geographic name as entry element Ecology.
9 (RLIN) 113944
Topical term or geographic name as entry element Biotic communities.
9 (RLIN) 113945
700 1# - ADDED ENTRY--PERSONAL NAME
Personal name Faurie, Claude.
942 ## - ADDED ENTRY ELEMENTS (KOHA)
Source of classification or shelving scheme Dewey Decimal Classification
Koha item type Books
Holdings
Lost status Source of classification or shelving scheme Damaged status Not for loan Collection code Permanent Location Current Location Shelving location Date acquired Cost, normal purchase price Total Checkouts Full call number Date last seen Copy number Koha item type
  Dewey Decimal Classification   Not For Loan Non-fiction Institute of Biological Sciences (IBSc) Library Institute of Biological Sciences (IBSc) Library   12/11/2014 375.00   577 ECO 2001 12/11/2014 C-1 Books